000 02907cam a22005534i 4500
003 PE-LiUPU
005 20250731173234.0
008 150625s1972 ag r 000 0 spa d
035 _a(Sirsi) a34879
040 _aPE-LiUPU
_bspa
_cPE-LiUPU
_erda
082 0 4 _a231.1
_bF84
_221
100 1 _aFroom, Le Roy Edwin,
_d1890-1974,
_eautor.
245 1 3 _aLa venida del consolador /
_cLe Roy Edwin Froom.
264 1 _aBuenos Aires :
_bAsociación Casa editora Sudamericana,
_c1972.
300 _a304 páginas ;
_c18 centímetros
336 _atext
_2rdacontent
337 _aunmediated
_2rdamedia
338 _avolume
_2rdacarrier
505 0 _aLa promesa del espíritu -- La venida del espíritu -- La unción plena del espíritu -- Símbolos del Espíritu.
526 _aSEG42
526 _aSEG41
526 _aSEG40
526 _aSEG39
526 _aP94
526 _aP87
526 _aP86
526 _aP85
526 _aP77
526 _aP76
526 _aP35
650 0 4 _aEspíritu Santo.
_91618
942 _2ddc
_cBOOK
949 _a231.1 F84
_wDEWEY
_c1
_i14313
_lCCODEBUL1
_mBUL
_p15.00
_r0
_sY
_tBOOK
_u2015-06-25
_xBIBLIOTECA
_zUNKNOWN
_0COMPRA
_o.STAFF. Colección Teología
949 _a231.1 F84
_wDEWEY
_c2
_i20400
_lCCODEBUL1
_mBUL
_p15.00
_r0
_sY
_tBOOK
_u2015-06-25
_xBIBLIOTECA
_zUNKNOWN
_0COMPRA
_o.STAFF. Colección Teología
949 _a231.1 F84
_wDEWEY
_c3
_i13816
_lCCODEBUL1
_mBUL
_p15.00
_r0
_sY
_tBOOK
_u2015-06-25
_xBIBLIOTECA
_zUNKNOWN
_0COMPRA
_o.STAFF. Colección Teología
949 _a231.1 F84
_wDEWEY
_c4
_i13817
_lCCODEBUL1
_mBUL
_p15.00
_r0
_sY
_tBOOK
_u2015-06-25
_xBIBLIOTECA
_zUNKNOWN
_0COMPRA
_o.STAFF. Colección Teología
949 _a231.1 F84
_wDEWEY
_c5
_i14312
_lCCODEBUL1
_mBUL
_p15.00
_r0
_sY
_tBOOK
_u2015-06-25
_xBIBLIOTECA
_zUNKNOWN
_0COMPRA
_o.STAFF. Colección Teología
596 _a1
999 _a231.1 F84
_wDEWEY
_c42783
_i14313
_d42783
_f2021-11-11
_g5
_lCCODEBUL1
_mBUL
_q1
_r0
_sY
_tBOOK
_u2015-6-25
_xTEOLOGIA
_zUNKNOWN
_0COMPRA
_o.STAFF. Colección General
999 _a231.1 F84
_wDEWEY
_c2
_i20400
_d2017-10-30
_e2017-10-27
_f2021-11-11
_g5
_lCCODEBUL1
_mBUL
_n2
_p15.00
_q1
_r0
_sY
_tBOOK
_u2015-6-25
_xTEOLOGIA
_PP35
_0COMPRA
_o.STAFF. Colección Teología
999 _a231.1 F84
_wDEWEY
_c3
_i13816
_f2021-11-11
_g5
_lCCODEBUL1
_mBUL
_r0
_sY
_tBOOK
_u2015-6-25
_xTEOLOGIA
_zUNKNOWN
_0COMPRA
_o.STAFF. Colección General
999 _a231.1 F84
_wDEWEY
_c4
_i13817
_d2019-11-7
_e2019-11-4
_f2021-11-11
_g5
_lCCODEBUL1
_mBUL
_n2
_q1
_r0
_sY
_tBOOK
_u2015-6-25
_xTEOLOGIA
_zUNKNOWN
_0COMPRA
_o.STAFF. Colección General
999 _a231.1 F84
_wDEWEY
_c5
_i14312
_f2021-11-11
_g5
_lCCODEBUL1
_mBUL
_r0
_sY
_tBOOK
_u2015-6-25
_xTEOLOGIA
_zUNKNOWN
_0COMPRA
_o.STAFF. Colección General
980 _81
_gALBERTO SANCHEZ Responsable de Automatización